2024 Quiz - Statistics

General Stats
  • This quiz has been taken 80 times
  • The average score is 10 of 25
Answer Stats
Hint Answer % Correct
US Presidental Election winner Donald Trump
96%
He won against... Kamala Harris
88%
The day of the week this year ends Tuesday
87%
The day of the week this year starts Monday
84%
Former US president that died, aged 100 Jimmy Carter
78%
The olympics were held there Paris
69%
This country joined NATO Sweden
60%
Euro 2024 winner Spain
54%
Copa America 2024 winner Argentina
50%
The president tried to declare martial law in this Asian country South Korea
50%
Syrian leader that was overthrown Bashar Al-Assad
49%
Won the UEFA Champions League Real Madrid
44%
This natural disaster mostly troubled Europe in 2024 Flood
43%
The leader of the party that won the UK elections Keir Starmer
41%
Won this year's Formula One World Championship Max Verstappen
41%
2024 in Roman numerals MMXXIV
24%
New BRICS member Egypt
21%
New BRICS member Iran
18%
In this city, a terrorist drove a car into a Christmas market Magdeburg
15%
New BRICS member United Arab Emirates
15%
New BRICS member Ethiopia
10%
Won the Literature Nobel Prize Han Kang
4%
The year that ended in 2024 in the Muslim calendar 1445
3%
2024 in Juche calendar 113
1%
2024 in Buddhist calendar 2568
1%
No matching quizzes found
Score Distribution
Percent of People with Each Score
Percentile by Number Answered
Your Score History
You have not taken this quiz